01584cam a22003737a 4500003000500000005001700005008004100022010000900063011000900072035000900081040000900090090001000099100003700109245018300146260004200329300002000371502006500391590003700456590004100493590004100534590004100575590004200616650006000658650004300718650004600761650003100807901000700838942000900845949004100854949004700895999001500942952012600957952012701083CHAP20220329133054.0971013s1991 r 00010 d a1837 a2809 a2009 cCHAP aTesis00aRobledo Paz, Alejandrina.998038 0aAplicación de la biotecnología al cultivo de Capsicum annum. I. Efecto del origen del explante sobre la producción de capsaicinoides y la respuesta morfogenética in vitro aMontecillo, Méx. :bEl Autor,c1991 a101 h.b: ilus. aTesis (M.C. Esp. en Genética) -- C.P. Centro de Genética aALEPHb10c20130110lUCH01h1209 aBATCH-UPDb10c20130110lUCH01h1622 aBATCH-UPDb10c20130410lUCH01h1017 aBATCH-UPDb10c20130914lUCH01h0923 aCONVERSIONb10c20130109lUCH01h130214aChile (Botánica)xFisiología y morfología.92236014aChile (Botánica)xGenética.92236114aChile (Botánica)xPropagación.92238614aCultivo de tejidos.930213 aBK cFOLL bBCcTESd-11504eTS1h23748i2009si bBCcTESd-144747eTS2fc.2h23749i2009si c1837d1837 00102local4053708TESISaBCbBCcPA_TESISd2019-12-31fTESISl0p-144747r2019-12-31 00:00:00tc.2w2019-12-31yTESIS 00102local4051708TESISaBCbBCcPA_TESISd2019-12-31fTESISl0oTesisp-11504r2019-12-31 00:00:00w2019-12-31yTESIS